Real name: Musicians - Statistics

General Stats
  • This quiz has been taken 35 times
  • The average score is 6 of 30
Answer Stats
'Fame name' Real (last-/sur-) name % Correct
Eminem Marshall Mathers III
83%
Elton John Reginald Dwight
59%
David Bowie David Jones
52%
Bono Paul Hewson
52%
Ringo Starr Richard Starkey
52%
Madonna Madonna Ciccone
48%
Bob Dylan Robert Zimmerman
48%
Freddie Mercury Farrokh Bulsara
34%
Prince Prince Nelson
28%
Jon Bon Jovi John Bongiovi, Jr.
21%
Rihanna Robyn Fenty
21%
Cher Cherilyn Sarkisian
17%
50 Cent Curtis Jackson III
14%
Iggy Pop James Osterberg, Jr.
14%
Twiggy Lesley Hornby
10%
Slash Saul Hudson
10%
Lady Gaga Stefani Germanotta
10%
Stevie Wonder Stevland Judkins
10%
Tina Turner Anna Bullock
7%
George Michael Georgios Panayiotou
7%
Gene Simmons Chaim Witz
3%
Johnny Ramone John Cummings
3%
Flea Michael Balzary
3%
Nicki Minaj Onika Maraj
3%
Shakira Shakira Ripoll
3%
Tommy Lee Thomas Bass
3%
Billie Holiday Eleanora Fagan
0%
John Kay Joachim Krauledat
0%
Jack White John Gillis
0%
Paul Stanley Stanley Eisen
0%
No matching quizzes found
Score Distribution
Percent of People with Each Score
Percentile by Number Answered
Your Score History
You have not taken this quiz